Produit de vapoteuse (CE) A-Z - Statistiques

Statistiques générales
  • Ce quiz a été pris 8 fois
  • Le résultat moyen est 6 sur 27
Statistiques - réponses
Lettre Réponse % Correct
A (24) A&L / Airmust / Aisu / Al-Kimiya / Alambic / Alfaliquid / Aroma Zon / Avap / Absoluto / Alphabet Grec / Amazone / Airomia / Ambition Mods / Animodz / Arcana / Asmodus / Aspire / Absolv / Akaimi / Artefact / Avomi / Aromes et Secrets / Anarchist
86%
V (26) V'ice / Vampire Vape / Vape 47 / Vape Cellar / Vape Institut / Vape Maker / Vape Or Diy / Vapempire / Vaping Quest / Vaponaute / Vapor Legends / VDLV / Vincent / VNS / Végétol / Velvet / Vandy / Vap / Virus / VNS / Voopoo / Viktor / Vuse / Vape Gold / VS Fifty-Fifty / V4
71%
E (18) E.Tasty / Eliquid / Empire 66 / Enfer / Elfliq / Elegance / Efest / Ehuka / Ekoms / Eleaf / Extrapure / Exa / E-CG / Elfbar / Elux / EDGE / Enjoy Ultra / Element
43%
F (23) Fuu / Flavour / Flavor / French Lab / Full Moon / Furiosa / Fruity Sun / Flacon / Fifty Vape / Fighter Fuel / Freeze / Freezy Crush / Fruizee / Frisson / Fruities / Five Pawns / FumyTech / Fcukin Flava / Fiber / Fluid / Future / Frukt Cider / Fugu
43%
T (20) T-JUICE / Taklope / Terrible Cloud / The Beautiful Lab Weasel / The MDS Juice / TMax / Tornado / Tribal Force / Twelve Monkeys / Tyzz / Tekmee / Terroir / Titanide / Toutatis / Turtle / Tornadolic / The Holy Holy / Tasty / The Lancashire Creamery / Ten Salts
43%
B (23) Belgi'Ohm / Ben Northon / Best Life / Beurk Research / Biggy Bear / Blox / Bordo2 / Buccaneer / Big Fuel / Bastard Club / Bd Vape / Big Mouth / Big Papa / Baby Bear / Bounty Hunters / Bar Series / Bar Juice / Bar / Bard / Big Drip / Bombo / Bar Liquid 3000
29%
D (19) Delicieux Liquide / Devil Squiz / Dinner Lady / Dlice D50 / Dlice Urban Hit / Doozy / Drip Maniac / Dlice / Dicodes / Dotmod / Dovpo / Drifter / Deevape / Double Drip / Drip / Donut King / Deliciu / Dr Frost / Dr Vapes
29%
L (36) La Bonne Vape / La Crêpe Sucrée / La Fabrique Française / La Piraterie / Laboratoire H2O / Ladybug / Le Coq Qui Vape / Le French Liquide / Le Labo Basque / LostVape / Le Vaporium / Les Iconiks / Les Jus du Chat Perché / LiquidArom / Liquidelab / Liquideo / La Cueillette de Louise / Le Petit Gourmet / Loly Yumi / Lemon Time / Les Collègues / La Crypte / Le Vapoteur Breton / Levest / Lips / Liquidarom / LVE / L'Élite / La Chose / Les Eternelles / Le Petit Verger / La Fine Équipe / Listman / Lost / Larges / Lemon Aid
29%
P (17) Petit Nuage / PGVG Labs / Prestige / Protect / Pulp / Punk Funk Hero / Panier du Marché / Pearl / Prodigy / Pipeline / Pod Salt / Pukka / Pocket / Pod 100 / Pod Liq / Prizm / Pacha Mama
29%
S (40) Sale Môme / Savourea / Secret / Singularités / Solana / Space Fruit / Suicide Bunny / Sun / Swoke / Shojo / Saiyen / Shopclop / Smoke Wars / SDZ / Seum / Sweet and Furious / Squid Juice / Slushy / Smokerstore / Smoktech / Solevan / Solubarome / Steam Crave / SteamPipes / Steep / SvoéMesto / Suicide Mods / Sunakin / Slime / SKE / Smarter / Swag / Seriously / Supergood / Smok / Simple Essentials / Solt / Six Licks / Slush
29%
Z (3) Zodiac / Zap / Zeus
29%
Number (6) 814 / 7-Seven / 13 Squid / 88Vape / 77 / 88 Nic
14%
C (27) Cabochard / Ce'Good / Cebueno / Chubbiz / Cirkus / Cloud Vapor / Cloud of Icarus / Cookin'Cloud / Cosmic / Curieux / Cupide / California Company / Capella / Chef's / Chubby Gorilla / Clouds of Lolo / Coil Master / Coffee Mill / Calm / CandyShop / Cap au Sud / Crystal Clear / Club Juice / Crystalized / Candy Corner / Cirro / Chewy
14%
G (10) Gates of Vape / Gatsby / Greeneo / Guilab / Granita / Graham Fuel / GeekVape / Guilab / Gorilla / Got Salt
14%
I (6) Instant Fuel / Inawera / Innokin / Ice Cool / IVG / Imp Jar
14%
J (14) JNR / Joe / Juice / Joke Juice / Jensen / Joyetech / Just Jam / JungleWave / Justfog / JVA / Just Juice / Juicelet / JUUL / Jack Rabbit
14%
M (26) Madame Connasse / Made In Vape / Maison Fuel / Mexican Cartel / Millésime / Mohawk & Co / Monsta Vape / Monster Vape Labs / Montreal / Mortal Juices / Movie Juice / Mukk Mukk / Multi Freeze / MacDiyer / Made In Vape / Malaysian Chill / Maousse / MarieJeanne / Mawix / Mécanique des Fluides / Médusa / Mxjo / Mr Brewer / Moonshiners / Maryliq / Morning Coffee / Moreish
14%
N (17) Nouvelle Nature / Nova / Numbers / Neopro / Nevoks / Nature&CBD / Nitecore / Numnomz / Native Wicks / Naturacig / Nextra / Nois / Nu Vape / No Frills / Nasty / NS20 / Naked
14%
O (10) O'Jlab / Omerta / One Taste / Oldies / Ohm / Oxva / Olala / OSS / Oh So Salty / Old School
14%
Q (1) Quacks
14%
Y (2) Youde / Yeti
14%
H (11) Halo / High Creek / Horny Flava / Hexagone / HellVape / HohmTech / HorizonTech / Harmony / Hyster-X / Hook / Hayati
0%
K (7) Knoks / KXS / Kyandi Shop / Kaiju / Kiwi Vapor / Kangertech / Kik
0%
R (13) Revolute / Riot / Ripe Vapes / Rocket Vap Rover / Roykin / Rainbow / RopeCut / Red Obvious / Rand M / Religion / Ruthless / RAD / Re-Salt
0%
U (4) Unik Juice / Umami / Ucell / Unreal
0%
W (12) Wow Candy Juice / Wax / Wotofo / Weecl / We Are Vape / Win Win / Wink / WFC / White Rabbit / Wick Addiction / Wick / Wild
0%
X (2) Xtar / Xpower
0%
Aucun quiz correspondant
Distribution des résultats
% des personnes avec chaque résultat
Percentile par nombre de réponses
Votre historique - résultats
Vous n’avez pas pris ce quiz